Digital Electronics & microprcessors (Record no. 3252)
[ view plain ]
| 000 -LEADER | |
|---|---|
| fixed length control field | 00226nam a22000977a 4500 |
| 041 ## - LANGUAGE CODE | |
| Language code of text/sound track or separate title | ENG |
| 100 ## - MAIN ENTRY--PERSONAL NAME | |
| Personal name | Bhupendra chhabara |
| 245 ## - TITLE STATEMENT | |
| Title | Digital Electronics & microprcessors |
| 260 ## - PUBLICATION, DISTRIBUTION, ETC. (IMPRINT) | |
| Place of publication, distribution, etc | Dilhi |
| Name of publisher, distributor, etc | Dhanpat Rai |
| Date of publication, distribution, etc | 1999 |
| 300 ## - PHYSICAL DESCRIPTION | |
| Extent | 436 |
No items available.